|
|
|
|
| LEADER |
00000nam a22000007a 4500 |
| 005 |
20151217124220.0 |
| 007 |
cr|z|| ||u| |
| 008 |
151217s2013 bl ||||| |||| 00||0 por d |
| 020 |
|
|
|a 978-85-8085-033-8
|
| 035 |
|
|
|a 12983
|
| 040 |
|
|
|a vLex
|
| 090 |
|
|
|c 5753
|d 5753
|
| 100 |
1 |
|
|a Passos, Tatiana
|
| 245 |
1 |
0 |
|a Terras de marinha
|h [Recurso electrn̤ico] /
|c Tatiana Passos
|
| 256 |
|
|
|a Servicio en ln̕ea
|
| 260 |
|
|
|a Brasil
|b Editora Mundo Jurd̕ico
|c 2013
|
| 300 |
|
|
|a 1 recurso electrn̤ico
|
| 500 |
|
|
|a A obra da ilustre e jovem autora presta uma importante contribuiȯ̂ ao polm̊ico acervo jurd̕ico brasileiro em matřia versando os terrenos de marinha, tanto no plano doutrinal quanto no legislativo e jurisprudencial
|
| 506 |
1 |
|
|a Contenido solo disponible en los productos indicados
|d vLex Global
|d vLex Global (Academic Edition, excluding Law Schools)
|d vLex Global (U.S. Academic Edition, Law Schools)
|d vLex Global (U.S. Academic Edition, excluding Law Schools)
|d vLex Global (Academic Edition, Law Schools)
|
| 650 |
0 |
4 |
|a Derecho
|z Brasil
|
| 740 |
0 |
|
|a vLex libros (servicio en ln̕ea)
|
| 856 |
|
|
|u http://vlex.com/source/terras-de-marinha-12983
|z Acceso restringido
|
| 942 |
|
|
|c BOOK
|
| 999 |
0 |
|
|a Law
|